| 000 | 01673cam a22003733a 4500 | ||
|---|---|---|---|
| 999 |
_c328609 _d328609 |
||
| 001 | 14633435 | ||
| 003 | Nust | ||
| 005 | 20170412134351.0 | ||
| 008 | 061114s2006 nyu d 000 1 eng | ||
| 010 | _a 2006299540 | ||
| 020 | _a9780747596967 | ||
| 035 | _a(OCoLC)ocm71339640 | ||
| 035 | _a(OCoLC)71339640 | ||
| 040 |
_aNOG _cNOG _dMR0 _dBAKER _dDLC |
||
| 050 | 0 | 0 | _aMLCS 2006/45539 |
| 082 |
_a823 _bZIE |
||
| 100 | 1 | _aVon Ziegesar, Cecily. | |
| 245 | 1 | 0 |
_aWould I lie to you : _ba Gossip Girl novel / _cby Cecily von Ziegesar. |
| 250 | _a1st ed. | ||
| 260 |
_aNew York : _bLittle, Brown, _c2006. |
||
| 300 |
_a190 p. ; _c21 cm. |
||
| 520 | _aFollows of the lives of Blair, Serena, and their wealthy Manhattan friends during the summer following high school graduation. | ||
| 650 | 0 |
_aInterpersonal relations _vJuvenile fiction. |
|
| 650 | 0 |
_aWealth _vJuvenile fiction. |
|
| 650 | 1 |
_aInterpersonal relations _vFiction. |
|
| 650 | 1 |
_aWealth _vFiction. |
|
| 651 | 0 |
_aNew York (N.Y.) _vJuvenile fiction. |
|
| 651 | 0 |
_aHamptons (N.Y.) _vJuvenile fiction. |
|
| 651 | 1 |
_aNew York (N.Y.) _vFiction. |
|
| 651 | 1 |
_aHamptons (N.Y.) _vFiction. |
|
| 856 | 4 | 2 |
_3Contributor biographical information _uhttp://www.loc.gov/catdir/enhancements/fy0742/2006299540-b.html |
| 906 |
_a7 _bcbc _ccopycat _d2 _encip _f20 _gy-gencatlg |
||
| 942 |
_2ddc _cBK |
||